000 00424nam a22001697a 4500
003 NUST - PNEC
005 20170116181013.0
008 150913b xxu||||| |||| 00| 0 eng d
020 _a-
040 _cLIBRARY
082 _a621.381956 IBM
100 _910292
_aIBM Corporation
245 _aIBM Quick start guide: RISC system/6000
_cIBM Corporation
260 _c-
650 _910295
_aIBM Guide
_xMIS
942 _2ddc
_cBK
999 _c67162
_d67162